01245nam a22001817a 450000500170000004100080001708200260002524500790005126000540013030000130018452005980019765000420079565000480083770000270088594200120091299900170092495201220094120260129113714.0 aENG a294.34350954123bBOD- aBodhgayā:bimpressions within & beyondc/Edited by Bijoy Kumar Choudhary aPatna:bBihar heritage development society,c2016 ax, 106p. aBodhgayā: Impressions Within & Beyond is an edited volume that presents Bodh Gaya as a sacred, historical, and living heritage site central to Buddhism. Through scholarly and reflective essays, the book examines the Mahabodhi Temple, associated monuments, sculptures, and sacred symbols within their historical, archaeological, and cultural contexts. It also explores Bodh Gaya’s spiritual significance, global Buddhist connections, and contemporary relevance, portraying the site as a multilayered landscape shaped by religious memory, artistic traditions, and ongoing cultural practices. aBuddhismxSacred spacezBihar (India) aBuddhist architecturexWorld Heritage areas aChoudhary, Bijoy Kumar 2ddccBK c39856d39856 00104070aNASSDOCbNASSDOCd2025-09-15eGiftedl0o294.34350954123 BOD-p54853r2026-01-29 11:36:39w2025-09-15yBK